<?xml version='1.0' encoding='UTF-8'?>
  <record xmlns="http://www.loc.gov/MARC21/slim">
    <leader>00000cam a22000007i 4500</leader>
    <controlfield tag="001">ocm66861325</controlfield>
    <controlfield tag="003">OCoLC</controlfield>
    <controlfield tag="005">20240807120559.7</controlfield>
    <controlfield tag="008">031214s1595    gw            000 0 ger d</controlfield>
    <datafield tag="040" ind1=" " ind2=" ">
      <subfield code="a">NLGGC</subfield>
      <subfield code="b">dut</subfield>
      <subfield code="e">fobidrtb</subfield>
      <subfield code="c">NLGGC</subfield>
      <subfield code="d">OCLCQ</subfield>
    </datafield>
    <datafield tag="029" ind1="0" ind2=" ">
      <subfield code="a">NLGGC</subfield>
      <subfield code="b">257943536</subfield>
    </datafield>
    <datafield tag="035" ind1=" " ind2=" ">
      <subfield code="a">(OCoLC)66861325</subfield>
    </datafield>
    <datafield tag="245" ind1="0" ind2="0">
      <subfield code="a">Kurtzer, eigentlicher und warhafftiger Bericht etlicher gewisser newer Zeitungen so sich in Franckreich, Hispanien, Italien, Engellandt, in Ober und Nider Ungern, Böhmen, Crabaten, Sibenbürgen, Persen, Hollandt, Seelandt, Brabandt, Friesslandt, Hoch und Nider Teutschland begeben und zugetragen hat dise verlauffene sechs Monat vom September biss auff den Monat Martiij in diesem jetztschwebenden MDXCV Jahr :</subfield>
      <subfield code="b">Item wirdt auch hierin angezeigt die summa des Kriegsvolcks deren Fürsten ... so sich gegen den Erbfeind Ross und Fuss rüsten : sampt der Einnemung von den Staaten des Schloss und Statt Huy im Stifft Lüttich gelegen.</subfield>
    </datafield>
    <datafield tag="260" ind1=" " ind2=" ">
      <subfield code="a">Zu Cölln :</subfield>
      <subfield code="b">bey Wilhelm von Lützenkirchen,</subfield>
      <subfield code="c">1595.</subfield>
    </datafield>
    <datafield tag="300" ind1=" " ind2=" ">
      <subfield code="c">20 cm.</subfield>
    </datafield>
    <datafield tag="336" ind1=" " ind2=" ">
      <subfield code="a">tekst</subfield>
      <subfield code="b">txt</subfield>
      <subfield code="2">rdacontent/dut</subfield>
    </datafield>
    <datafield tag="337" ind1=" " ind2=" ">
      <subfield code="a">zonder medium</subfield>
      <subfield code="b">n</subfield>
      <subfield code="2">rdamedia/dut</subfield>
    </datafield>
    <datafield tag="338" ind1=" " ind2=" ">
      <subfield code="a">band</subfield>
      <subfield code="b">nc</subfield>
      <subfield code="2">rdacarrier/dut</subfield>
    </datafield>
    <datafield tag="510" ind1="0" ind2=" ">
      <subfield code="a">Van Someren 186</subfield>
    </datafield>
    <datafield tag="936" ind1=" " ind2=" ">
      <subfield code="a">BATCHLOAD</subfield>
    </datafield>
  </record>